LEADER 01327nam a2200253 4500 001 991003676529707536 008 190711s2017 it 000 0 ita d 020 $a9788825504170 035 $ab14370098-39ule_inst 040 $aBibl. Interfacoltà T. Pellegrino$bita 082 04$a342.45085 245 00$aAccesso a Internet e neutralità della rete fra principi costituzionali e regole europee :$batti del Convegno del 31 marzo 2017, Sapienza Università di Roma, Dipartimento di comunicazione e ricerca sociale /$ca cura di Maria Romana Allegri, Guido d'Ippolito ; contributi di Maria Romana Allegri ... [et al.] 260 $aCanterano:$bAracne,$c2017 300 $a194 p. ;$c24 cm. 490 1 $aDiritto e policy dei nuovi media ;$v13 650 4$aDiritto di accesso a Internet [e] Neutralità della rete$xTutela$zItalia$xDiritto costituzionale$vAtti di congressi 700 1 $aD'Ippolito, Guido 700 1 $aAllegri, Maria Romana 907 $a.b14370098$b11-07-19$c11-07-19 912 $a991003676529707536 945 $aLE002 342.45 ACC$g1$i2002001099555$lle002$op$pE11.00$q-$rl$s- $t0$u0$v0$w0$x0$y.i15897138$z11-07-19 996 $aAccesso a Internet e neutralità della rete fra principi costituzionali e regole europee$91516971 997 $aUNISALENTO 998 $ale002$b11-07-19$cm$da $e $fita$git $h0$i0 LEADER 01531nam0 22003251i 450 001 UON00298899 005 20231205103954.934 010 $a88-901340-7-0 100 $a20070712d2006 |0itac50 ba 101 $afre 102 $aIT 105 $a|||| 1|||| 200 1 $aContes féminins de la haute Jezireh syrienne. Matériaux ethno-linguistiques d'un parler nomade orienal$fpar Lidia Bettini 205 $aFirenze : Università di Firenze - Dipartimento di linguistica$b2006 210 $aX$d409 p. ; 24 cm 215 $aAltro front.$cMin sawalif al-harim fi al-Jazirah al-Suriyah al-'Ulya 311 $aSIR II D$9UON00066167 410 0$1001UON00066167$12001 $aQuaderni di semitistica$v26 SIR II D 510 1$3UON00376992$aMin sawalif al-harim fi al-Jazirah al-Suriyah al-'Ulya 606 $aDIALETTI ARABI$xSiria$3UONC034154$2FI 620 $aIT$dFirenze$3UONL000052 686 $aSIR II D$cSIRIA - LINGUISTICA - DIALETTI$2A 700 1$aBETTINI$bLidia$3UONV011001$0695382 712 $aUniversità degli Studi di Firenze. Dipartimento di linguistica$3UONV272891$4650 801 $aIT$bSOL$c20240220$gRICA 899 $aSIBA - SISTEMA BIBLIOTECARIO DI ATENEO$2UONSI 912 $aUON00298899 950 $aSIBA - SISTEMA BIBLIOTECARIO DI ATENEO$dSI SIR II D 002 N $eSI SA 121230 5 002 N 996 $aContes féminins de la haute Jezireh syrienne. Matériaux ethno-linguistiques d'un parler nomade orienal$91380286 997 $aUNIOR LEADER 02701nam0 22005773i 450 001 VAN00278604 005 20240911025651.262 017 70$2N$a9783031264559 100 $a20240626d2023 |0itac50 ba 101 $aeng 102 $aCH 105 $a|||| ||||| 200 1 $aGeometry of Linear Matrix Inequalities$eA Course in Convexity and Real Algebraic Geometry with a View Towards Optimization$fTim Netzer, Daniel Plaumann 210 $aCham$cBirkhäuser$cSpringer$d2023 215 $aviii, 161 p.$cill.$d24 cm 410 1$1001VAN00103268$12001 $aCompact textbooks in mathematics$1210 $aBasel [etc.]$cBirkhäuser$d2013- 606 $a14-XX$xAlgebraic geometry [MSC 2020]$3VANC019702$2MF 606 $a14P05$xReal algebraic sets [MSC 2020]$3VANC021325$2MF 606 $a14P10$xSemialgebraic sets and related spaces [MSC 2020]$3VANC021496$2MF 606 $a14P15$xReal analytic and semianalytic sets [MSC 2020]$3VANC022493$2MF 606 $a15-XX$xLinear and multilinear algebra; matrix theory [MSC 2020]$3VANC020607$2MF 606 $a15A24$xMatrix equations and identities [MSC 2020]$3VANC023143$2MF 606 $a15A39$xLinear inequalities of matrices [MSC 2020]$3VANC022858$2MF 606 $a15A45$xMiscellaneous inequalities involving matrices [MSC 2020]$3VANC028967$2MF 606 $a52-XX$xConvex and discrete geometry [MSC 2020]$3VANC019811$2MF 606 $a52Axx$xGeneral convexity [MSC 2020]$3VANC023202$2MF 610 $aConvex Geometry$9KW:K 610 $aConvex Optimization$9KW:K 610 $aEigenvalues$9KW:K 610 $aHyperbolic Polynomials$9KW:K 610 $aMatrices$9KW:K 610 $aNon-commutative Geometry$9KW:K 610 $aPolynomial optimization$9KW:K 610 $aReal Algebraic Curves$9KW:K 610 $aReal Algebraic Geometry$9KW:K 610 $aSemidefinitie Programming$9KW:K 610 $aSums of squares$9KW:K 610 $aextended formulations$9KW:K 620 $aCH$dCham$3VANL001889 700 1$aNetzer$bTim$3VANV231174$01368018 701 1$aPlaumann$bDaniel$3VANV231175$01741887 712 $aBirkhäuser $3VANV108193$4650 712 $aSpringer $3VANV108073$4650 801 $aIT$bSOL$c20241115$gRICA 856 4 $uhttps://doi.org/10.1007/978-3-031-26455-9$zhttps://doi.org/10.1007/978-3-031-26455-9 899 $aBIBLIOTECA DEL DIPARTIMENTO DI MATEMATICA E FISICA$1IT-CE0120$2VAN08 912 $fN 912 $aVAN00278604 950 $aBIBLIOTECA DEL DIPARTIMENTO DI MATEMATICA E FISICA$d08DLOAD e-Book 9081 $e08eMF9081 20240702 996 $aGeometry of Linear Matrix Inequalities$94168246 997 $aUNICAMPANIA